01111nam a2200265 a 450000100060000000300080000600500170001400800410003103500200007204000290009204100080012108200210012910000230015024501720017326000380034530000470038350000200043050400260045065000320047665100340050894200120054299900170055495201470057195201270071831616BD-RjUL20211209051727.0140421s1954 enka 001 0 eng  a(BD-RjUL) 31704 aIDbengcIDdIDdBD-RjUL aeng04a275.47bTHC 19541 aThomas, P. 99622110aChristians and Christianity in India and Pakistan :ba general survey of the progress of Christianity in India from apostolic times to the present day /cby P. Thomas. aLondon :bAllen & Unwin,cc 1954. a260 p., [7] p. of plates :bill. ;c23 cm. aIncludes index. aBibliography: p. 245. 0aChristians in India.996222 0aIndiaxChurch history.995597 2ddccBK c31616d31616 00102ddc4071aRUCLbRUCLcReadingd1957-11-30ePak.American commarcialg13.80l0o275.47 THC 1954r2014-04-21 00:00:00tC-1w2014-04-21yBK 00102ddc4070aRUCLbRUCLcStackd1956-04-06eA.B.Cg14.10l0o275.47 THC 1954r2014-04-21 00:00:00tC-2w2014-04-21yBK